Algorithmic Decisions within the Criminal Justice Ecosystem and their Problem Matrix

Elmentve itt :
Bibliográfiai részletek
Szerző: Karsai Krisztina
Dokumentumtípus: Cikk
Megjelent: 2021
Sorozat:INTERNATIONAL REVIEW OF PENAL LAW / REVUE INTERNATIONALE DE DROIT PENAL 92 No. 1
Tárgyszavak:
mtmt:32491784
Online Access:http://publicatio.bibl.u-szeged.hu/22883
LEADER 00718nab a2200193 i 4500
001 publ22883
005 20211115102645.0
008 211115s2021 hu o 0|| Angol d
022 |a 0223-5404 
024 7 |a 32491784  |2 mtmt 
040 |a SZTE Publicatio Repozitórium  |b hun 
041 |a Angol 
100 1 |a Karsai Krisztina 
245 1 0 |a Algorithmic Decisions within the Criminal Justice Ecosystem and their Problem Matrix  |h [elektronikus dokumentum] /  |c  Karsai Krisztina 
260 |c 2021 
300 |a 13-30 
490 0 |a INTERNATIONAL REVIEW OF PENAL LAW / REVUE INTERNATIONALE DE DROIT PENAL  |v 92 No. 1 
650 4 |a Jogtudomány 
856 4 0 |u http://publicatio.bibl.u-szeged.hu/22883/1/RIDP_2021_1_Karsai.pdf  |z Dokumentum-elérés